| 000 | 00463nam a2200133 a 4500 | ||
|---|---|---|---|
| 001 | 000031872 | ||
| 005 | 20200930063239.0 | ||
| 008 | 110707s19uu dr 000 0 spa d | ||
| 040 |
_aDO-SdBNP _bspa _cBNPHU |
||
| 245 | 0 | 0 | _aSociedad pro-arte presenta a Gonzálo Zoriano : pianista. |
| 260 |
_aSantiago de los caballeros, República: Dominicana : _bDirección General de Bellas Artes, _c[19--?]. |
||
| 300 |
_a1v. con varias paginaciones : ; _c22 cm. |
||
| 049 | _aBNPD | ||
| 999 |
_c31364 _d31364 |
||